"Hacer vivir y dejar morir": Foucault y la genealogía del racismo. = "To make live and to let die": Foucault on racism. "Fazer viver e deixar morir": Foucault e genealogia do racismo

Uloženo v:
Podrobná bibliografie
Hlavní autor: Mendieta, Eduardo
Médium: Text
Témata:
Tagy: Přidat tag
Žádné tagy, Buďte první, kdo vytvoří štítek k tomuto záznamu!

MARC

LEADER 00000 a a2200000 04500
001 18384
003
040
100 |a Mendieta, Eduardo  
245 |a "Hacer vivir y dejar morir": Foucault y la genealogía del racismo. =   |b "To make live and to let die": Foucault on racism. "Fazer viver e deixar morir": Foucault e genealogia do racismo  
650 |a GRUPOS MINORITARIOS  
650 |a GENEALOGIA  
650 |a CONOCIMIENTO  
773 |g número 6; páginas 137-152  
999 |c 24332  |d 24332